| 000 | 00995 a2200265 4500 | ||
|---|---|---|---|
| 999 |
_c7805 _d7805 |
||
| 020 | _a9781910813959 | ||
| 050 | 0 | 0 | _aK5216 PRA 2016 |
| 245 | 0 | 4 |
_aThe practitioner's guide to global investigations / _ceditors, Judith Seddon, Eleanor Davison, Christopher J. Morvillo, Michael Bowes QC, Luke Tolaini. |
| 264 | 1 |
_aLondon : _bLaw Business Research Ltd., _c[2016] |
|
| 264 | 4 | _c♭2016 | |
| 300 | _axviii, 778 pages ; | ||
| 500 | _aIncludes bibliographical references. | ||
| 504 | _aIncludes bibliographical references. | ||
| 650 | 0 | _aCorporate internal investigations | |
| 650 | 0 | _aCriminal investigation | |
| 650 | 0 |
_aCorporation law _xCriminal provisions. |
|
| 650 | 7 | _aCorporate internal investigations. | |
| 650 | 7 | _aCriminal investigation. | |
| 700 | 1 |
_aSeddon, Judith, _eeditor. |
|
| 700 | 1 |
_aDavison, Eleanor, _eeditor. |
|
| 700 | 1 |
_aMorvillo, Christopher J., _eeditor. |
|
| 700 | 1 |
_aBowes, Michael, _eeditor. |
|
| 700 | 1 |
_aTolaini, Luke, _eeditor. |
|
| 942 |
_2lcc _cBK _h5216 _iPRA _kK |
||